| 000 | 00981nam a22003257a 4500 | ||
|---|---|---|---|
| 003 | CHAP | ||
| 005 | 20220329134853.0 | ||
| 008 | 971013s1960 r 00010 d | ||
| 010 | _a27233 | ||
| 011 | _a28205 | ||
| 035 | _a32308 | ||
| 040 | _cCHAP | ||
| 090 | _aFolleto 4833 | ||
| 110 |
_aInstituto Mexicano del Café _959263 |
||
| 245 | _aConsejos sobre beneficio del café | ||
| 260 |
_a(s.l.) : _bEl Instituto, _c1960 |
||
| 300 | _a15 h | ||
| 490 |
_aCircular técnica _v; 18 |
||
| 590 |
_aBATCH-UPD _b10 _c20130110 _lUCH01 _h0131 |
||
| 590 |
_aBATCH-UPD _b10 _c20130110 _lUCH01 _h1059 |
||
| 590 |
_aBATCH-UPD _b10 _c20130409 _lUCH01 _h2127 |
||
| 590 |
_aBATCH-UPD _b10 _c20130410 _lUCH01 _h0653 |
||
| 590 |
_aBATCH-UPD _b10 _c20130914 _lUCH01 _h0807 |
||
| 590 |
_aCONVERSION _b10 _c20130109 _lUCH01 _h1316 |
||
| 650 | 1 | 4 |
_aCafé. _917085 |
| 830 | 0 |
_aCircular técnica _v; 18 _923383 |
|
| 901 | _aBK | ||
| 942 | _cFOLL | ||
| 949 |
_aFolleto 4833 _bBC _cFOLL _d-75042 _eTS1 _i32308 _mD _si |
||
| 999 |
_c27233 _d27233 |
||